The separation of East Pakistan : (Record no. 593429)

000 -LEADER
fixed length control field 01226cam a22003255a 4500
001 - CONTROL NUMBER
control field 64301
003 - CONTROL NUMBER IDENTIFIER
control field NUST
005 - DATE AND TIME OF LATEST TRANSACTION
control field 20230224094327.0
008 - FIXED-LENGTH DATA ELEMENTS--GENERAL INFORMATION
fixed length control field 940421s1994 pk b b 001 0 eng d
010 ## - LIBRARY OF CONGRESS CONTROL NUMBER
LC control number 94195520
015 ## - NATIONAL BIBLIOGRAPHY NUMBER
National bibliography number GB94-48712
020 ## - INTERNATIONAL STANDARD BOOK NUMBER
International Standard Book Number 0195774922
035 ## - SYSTEM CONTROL NUMBER
System control number (OCoLC)30309539
040 ## - CATALOGING SOURCE
Original cataloging agency CSjU
Transcribing agency CSjU
Modifying agency Uk
-- DLC
042 ## - AUTHENTICATION CODE
Authentication code lccopycat
043 ## - GEOGRAPHIC AREA CODE
Geographic area code a-bg---
050 00 - LIBRARY OF CONGRESS CALL NUMBER
Classification number DS394.5
Item number .Z34 1994
082 04 - DEWEY DECIMAL CLASSIFICATION NUMBER
Classification number 954.9,ZAH
Edition number 20
100 1# - MAIN ENTRY--PERSONAL NAME
Personal name Zaheer, Hasan.
9 (RLIN) 24083
245 14 - TITLE STATEMENT
Title The separation of East Pakistan :
Remainder of title the rise and realization of Bengali Muslim nationalism /
Statement of responsibility, etc. Hasan Zaheer.
260 ## - PUBLICATION, DISTRIBUTION, ETC.
Place of publication, distribution, etc. Karachi ;
-- New York :
Name of publisher, distributor, etc. Oxford University Press,
Date of publication, distribution, etc. 1994.
300 ## - PHYSICAL DESCRIPTION
Extent xxxi, 511 p. :
Other physical details maps ;
Dimensions 22 cm.
505 ## - FORMATTED CONTENTS NOTE
Formatted contents note Part I: Muslim Bengal and Pakistan (Page-3), Part II: Army action, Civil war, and separation (Page-163).
650 #0 - SUBJECT ADDED ENTRY--TOPICAL TERM
Topical term or geographic name entry element Nationalism
Geographic subdivision Bangladesh
General subdivision History.
9 (RLIN) 109552
651 #0 - SUBJECT ADDED ENTRY--GEOGRAPHIC NAME
Geographic name Bangladesh
General subdivision History
Chronological subdivision Revolution, 1971.
856 42 - ELECTRONIC LOCATION AND ACCESS
Materials specified Publisher description
Uniform Resource Identifier <a href="http://www.loc.gov/catdir/enhancements/fy0638/94195520-d.html">http://www.loc.gov/catdir/enhancements/fy0638/94195520-d.html</a>
906 ## - LOCAL DATA ELEMENT F, LDF (RLIN)
a 7
b ibc
c copycat
d 2
e ncip
f 19
g y-gencatlg
942 ## - ADDED ENTRY ELEMENTS (KOHA)
Source of classification or shelving scheme
Koha item type Book
Call number prefix 954.9,ZAH
Holdings
Withdrawn status Lost status Source of classification or shelving scheme Damaged status Not for loan Permanent Location Current Location Shelving location Date acquired Full call number Barcode Date last seen Price effective from Koha item type Public note
          Military College of Signals (MCS) Military College of Signals (MCS) General Stacks 02/24/2023 954.9,ZAH MCS38311 02/24/2023 02/24/2023 Book Almirah No. 61, Shelf No. 6
© 2023 Central Library, National University of Sciences and Technology. All Rights Reserved.